000 00708nam a2200205Ia 4500
003 GCL
008 140319s9999 xx 000 0 ara d
040 _aGCL /
_cGCL
082 0 4 _a327.11
_bه ا
100 1 _aالهيئة العامة للاستعلامات
245 1 0 _aازمة الخليج والمواقف العربية والدولية /
_cالهيئة العامة للاستعلامات
260 _a[S.N] :
_bالهيئة العامة للاستعلامات ،
_c1992
300 _a419 ص
490 _a
650 0 4 _aالعالم العربى
650 0 4 _aالاحوال السياسية
650 0 4 _aالسياسة الدولية
650 0 4 _aحرب الخليج
942 _2ddc
_cBK
999 _c54775
_d54775